000
00328nam a22001457a 4500
003
OSt
005
20160727222406.0
008
160623b xxu||||| |||| 00| 0 eng d
040
_c
TEST
100
_9
846
_a
Bahri, U.S
245
_a
Language Forum
260
_a
N.Y
_b
Bahri Pub Pvt Ltd
300
_a
Language Forum
942
_2
ddc
_c
BK
999
_c
672
_d
672